00567nam a2200181Ia 4500003000400000008004100004040001600045082002100061100002500082245006000107260005100167300001000218650001500228650001200243942001200255999001700267952010100284GCL140319s9999    xx            000 0 eng d  aGCL / cGCL04a574.015.195bB S1 aBAILEY, NORMAN T. J.10aSTATISTICAL METHODS IN BIOLOGY / cBAILEY, NORMAN T. J.  a[S.N] : bCAMBRIBGE UNIVERSITY PRESS ، c1994  a255\P04aSTATISTICS04aBIOLOGY  2ddccBK  c20145d20145  00104070aCAIbCAId2014-03-26l0o574.015.195\B Sp37963r2014-03-26 00:00:00w2014-03-26yBK